| 000 | 01344pam a2200349 a 4500 | ||
|---|---|---|---|
| 001 | 2562852 | ||
| 003 | OSt | ||
| 005 | 20140310181920.0 | ||
| 008 | 951107s1996 nyua b 001 0 eng | ||
| 010 | _a 95049891 | ||
| 020 | _a0062732749 | ||
| 040 |
_aDLC _cDLC _dDLC |
||
| 050 | 0 | 0 |
_aGE 105 _b.G66 1996 |
| 082 | 0 | 0 |
_aTR 658 _bG56 1996 |
| 100 | 1 |
_aGonick, Larry. _91524 |
|
| 245 | 1 | 4 |
_aThe cartoon guide to the environment / _cLarry Gonick and Alice Outwater. |
| 250 | _a1st ed. | ||
| 260 |
_aNew York : _bHarperCollins Publishers, _cc1996. |
||
| 300 |
_a229 p. : _bill. ; _c24 cm. |
||
| 504 | _aIncludes bibliographical references (p. 218-219) and index. | ||
| 521 | _aFaculty. | ||
| 541 | _j1 | ||
| 562 | _e1 | ||
| 650 | 0 |
_aEnvironmental sciences _xCaricatures and cartoons. _91525 |
|
| 650 | 0 |
_aEnvironmental education _xCaricatures and cartoons. _91526 |
|
| 700 | 1 |
_aOutwater, Alice B. _91527 |
|
| 856 | 4 | 2 |
_3Publisher description _uhttp://www.loc.gov/catdir/description/hc041/95049891.html |
| 856 | 4 | 2 |
_3Contributor biographical information _uhttp://www.loc.gov/catdir/enhancements/fy0911/95049891-b.html |
| 906 |
_a7 _bcbc _corignew _d1 _eocip _f19 _gy-gencatlg |
||
| 942 |
_2lcc _cBK-TR _kTR |
||
| 999 |
_c6949 _d6949 |
||